[Event "West Wales-Gwent"]
[Site "Swansea"]
[Date "2002.11.17"]
[Round "?"]
[White "White, Ian Graham"]
[Black "Morgan, Stephen G"]
[Result "1-0"]
[WhiteElo "1876"]
[BlackElo "1794"]
[PlyCount "117"]
[EventDate "2002.??.??"]
[EventType "team"]
[EventRounds "1"]
[EventCountry "WLS"]
[SourceTitle "EXT 2004"]
[Source "ChessBase"]
[SourceDate "2003.11.25"]
[SourceVersion "1"]
[SourceVersionDate "2003.11.25"]
[SourceQuality "1"]
[WhiteTeam "Gwent"]
[BlackTeam "West Wales"]
[WhiteTeamCountry "WLS"]
[BlackTeamCountry "WLS"]

1. e4 e6 2. d4 d5 3. Nd2 Nf6 4. e5 Nfd7 5. f4 c5 6. c3 Nc6 7. Ne2 f6 8. Nf3 cxd4 9. cxd4 fxe5 10. fxe5 Bb4+ 11. Nc3 Be7 12. Be3 a6 13. Rc1 Nb6 14. b3 a5 15. Bd3 Ba3 16. Rb1 Nb4 17. Be2 Nc6 18. 0-0 0-0 19. Bd3 Be7 20. Rb2 Bd7 21. Rbf2 g6 22. Qd2 Nb4 23. Bb1 Rc8 24. Ne2 Bb5 25. Bh6 Rf7 26. Rd1 Bxe2 27. Rxe2 Nd7 28. Bg5 Nf8 29. h4 Bxg5 30. Nxg5 Rg7 31. Rf2 h6 32. Rxf8+ Qxf8 33. Nxe6 Qe7 34. Nxg7 Kxg7 35. h5 gxh5 36. a3 Nc6 37. Qd3 Kh8 38. Qg6 Qg7 39. Qxh5 Rg8 40. Qh3 Qg5 41. Bf5 Rf8 42. Be6 Ne7 43. Qd3 Qf4 44. Rf1 Qxf1+ 45. Qxf1 Rxf1+ 46. Kxf1 Kg7 47. Kf2 Kg6 48. Kf3 Kg5 49. g4 h5 50. gxh5 Kxh5 51. Kf4 Kg6 52. a4 b6 53. Bd7 Kf7 54. Kg5 Kg7 55. e6 Kf8 56. Kf6 Ng8+ 57. Ke5 Ke7 58. Kxd5 Nf6+ 59. Kc6 1-0

[Event "Gwent-ch"]
[Site "Pontypool"]
[Date "2002.09.22"]
[Round "4"]
[White "Gilbert, Jonathan A"]
[Black "White, Ian Graham"]
[Result "1/2-1/2"]
[WhiteElo "2014"]
[BlackElo "1876"]
[PlyCount "65"]
[EventDate "2002.09.21"]
[EventType "swiss"]
[EventRounds "5"]
[EventCountry "WLS"]
[SourceTitle "EXT 2006"]
[Source "ChessBase"]
[SourceDate "2005.11.24"]
[SourceVersion "1"]
[SourceVersionDate "2005.11.24"]
[SourceQuality "1"]

1. e4 e6 2. d4 d5 3. Nc3 Bb4 4. e5 c5 5. Bd2 cxd4 6. Nb5 Nc6 7. Bxb4 Nxb4 8. Nxd4 Nc6 9. Ngf3 Nge7 10. Bd3 Ng6 11. Bxg6 hxg6 12. Qd2 a6 13. 0-0-0 Qa5 14. Nxc6 Qxd2+ 15. Rxd2 bxc6 16. c4 Ke7 17. Kc2 Bd7 18. Kc3 Rab8 19. b4 Rb7 20. a3 Ra8 21. c5 a5 22. Rb1 f6 23. h4 axb4+ 24. axb4 Ra3+ 25. Rb3 Ra1 26. g3 Rba7 27. Rc2 Rd1 28. Rd2 Rxd2 29. Kxd2 Ra2+ 30. Ke3 Rc2 31. Nd4 Rc4 32. f4 Rc1 33. Ke2 1/2-1/2